| 000 | 01184cam a22003134a 4500 | ||
|---|---|---|---|
| 001 | 12177664 | ||
| 003 | OSt | ||
| 005 | 20230915113710.0 | ||
| 008 | 000918s2001 ilua b 001 0 eng | ||
| 010 | _a 00047239 | ||
| 020 | _a0736031871 | ||
| 040 |
_aDLC _cDLC _dDLC |
||
| 042 | _apcc | ||
| 050 | 0 | 0 |
_aRJ133 _b.H34 2001 |
| 082 | 0 | 0 |
_a612.76 _bHAY/L |
| 100 | 1 |
_aHaywood, Kathleen _99472 |
|
| 245 | 1 | 0 |
_aLife span motor development / _cKathleen M. Haywood, Nancy Getchell. |
| 250 | _a3rd ed. | ||
| 260 |
_aChampaign, IL : _bHuman Kinetics, _cc2001. |
||
| 300 |
_axvii, 390 p. : _bill. ; _c29 cm. |
||
| 504 | _a"References": p. 357-379. | ||
| 504 | _aIncludes bibliographical references and index. | ||
| 650 | 0 | _aMotor ability in children. | |
| 650 | 0 | _aMotor ability. | |
| 700 | 1 |
_aGetchell, Nancy, _d1963- |
|
| 906 |
_a7 _bcbc _corignew _d1 _eocip _f20 _gy-gencatlg |
||
| 942 |
_2ddc _cBK _h612.75 _iHAY/L _k612.75 _mHAY/L |
||
| 999 |
_c42497 _d42497 |
||